Noem een Belgische stad A-Z - Statistieken

Algemene statistieken
  • Deze quiz is 6.699 keer genomen
    3.074 sinds de laatste reset
  • De gemiddelde score is 11 van 21
Antwoordstatistieken
Hint Antwoord % Correct
A Antwerpen | Aalst | Aarlen | Aarschot | Aat | Andenne | Ans | Antoing | Aubange
99%
B Brussel | Bastenaken | Beaumont | Beauraing | Bergen | Beringen | Bilzen | Binche | Blankenberge | Borgloon | Borgworm | Bouillon | Bree | Brugge
99%
G Gent | Geel | Geldenaken | Gembloers | Genepiën | Genk | Geraardsbergen | Gistel | 's-Gravenbrakel
87%
L Luik | La Louvière | La Roche-en-Ardenne | Landen | Le Rœulx | Lessen | Leuze-en-Hainaut | Leuven | Lier | Limburg | Lo-Reninge | Lokeren | Lommel
86%
H Hasselt | Halen | Halle | Hamont-Achel | Hannuit | Harelbeke | Herentals | Herk-de-Stad | Herstal | Herve | Hoei | Hoogstraten | Houffalize
70%
C Charleroi | Châtelet | Chièvres | Chimay | Chiny | Ciney | Couvin
65%
N Namen | Neufchâteau | Nieuwpoort | Nijvel | Ninove
65%
O Oostende | Ottignies-Louvain-la-Neuve | Oudenaarde | Oudenburg
64%
D Doornik | Damme | Deinze | Dendermonde | Diest | Diksmuide | Dilsen-Stokkem | Dinant | Durbuy
60%
M Mechelen | Maaseik | Malmedy | Marche-en-Famenne | Menen | Moeskroen | Mortsel
60%
K Kortrijk | Komen-Waasten
51%
S Sint-Niklaas | Saint-Ghislain | Saint-Hubert | Sankt Vith | Scherpenheuvel-Zichem | Seraing | Sint-Truiden | Spa | Stavelot
51%
T Turnhout | Thuin | Tielt | Tienen | Tongeren | Tubeke | Torhout
51%
I Ieper | Izegem
46%
W Waregem | Walcourt | Waver | Wervik | Wezet
42%
R Roeselare | Rochefort | Ronse
35%
V Verviers | Veurne | Vilvoorde | Virton
32%
E Eeklo | Edingen | Eupen
30%
P Poperinge | Peer | Péruwelz | Philippeville
29%
Z Zinnik | Zottegem | Zoutleeuw
19%
F Fleurus | Florenville | Fontaine-l'Evêque | Fosses-la-Ville
7%
Geen overeenkomende quizzen gevonden
Scoreverdeling
Procent van Mensen met Elke Score
Percentiel versus Aantal Correcte Antwoorden
Uw Scoregeschiedenis
U heeft deze quiz nog niet genomen sinds de laatste reset